00000000nam##2200000za#4500
0019.605754
003CaOODSP
00520210624212257
007cr |||||||||||
008150406|2000||||xxc|||||o    f|0| 0 fre|d
040 |aCaOODSP|bfre
043 |an-cn---
0861 |aSC91-4/2000F-PDF
1101 |aCanada.|bCentre canadien de gestion.
24510|aSeattle : |h[ressource électronique]|bdes leçons pour bien gouverner à l'avenir / |c[par] Pierre S. Pettigrew.
260 |aOttawa - Ontario : |bCentre canadien de gestion |c2000.
300 |a37p.
4901 |aConférence John L. Manion
500 |aLe numéro de catalogue et l'ISBN de l'édition imprimée apparaissent dans la version électronique.
590 |a13-15-Supp|b2013-06-24
69107|aMondialisation|2gcpds
69107|aRelations commerciales|2gcpds
69107|aRelations extérieures|2gcpds
77508|tSeattle : |w(CaOODSP)9.576769
830#0|aConférence John L. Manion.|w(CaOODSP)9.501125
85640|ahttp://publications.gc.ca|qPDF|s183 Ko|uhttps://publications.gc.ca/collections/Collection/SC91-4-2000F.pdf